Les personnages d'Harry Potter en Emoji - Statistiques

Statistiques générales
  • Ce quiz a été pris 465 fois
  • Le résultat moyen est 9 sur 13
Statistiques - réponses
Par images Réponse % Correct
Harry Potter
100%
Hermione Granger
98%
Ron Weasley
98%
Albus Dumbledore
96%
Voldemort
77%
Remus Lupin
76%
Rubeus Hagrid
76%
Minerva McGonagall
70%
Quirinus Quirell
64%
Drago Malefoy
58%
Neville Londubat
43%
Luna Lovegood
38%
Severus Rogue
28%
Aucun quiz correspondant
Distribution des résultats
% des personnes avec chaque résultat
Percentile par nombre de réponses
Votre historique - résultats
Vous n’avez pas pris ce quiz